Organické poľom riadené tranzistory (OFET)

Saved in:
Bibliographic Details
Main Author: Šovčík, Michal, 1991- (Author)
Other Authors: Jakabovič, Ján, 1951- (Thesis advisor)
Format: Manuscript Book
Language:Slovak
Published: Bratislava : STU v Bratislave FEI, 2014
Subjects:
Online Access:VAIS
Tags: Add Tag
No Tags, Be the first to tag this record!

MARC

LEADER 00000ntm a22000003a 4500
001 stu294336
005 20150617230317.1
008 140717s2014----xo------------------slo-d
040 |a STU  |b slo 
041 0 |a slo 
044 |a xo 
100 1 |a Šovčík, Michal,  |d 1991-  |4 aut  |u E  |T FEI Fakulta elektrotechniky a informatiky  |X 8578  |U E  |Y 30  |7 A000008578 
242 0 0 |a Organic field effect transistors (OFET)  |y eng 
245 1 |a Organické poľom riadené tranzistory (OFET) 
260 |a Bratislava :  |b STU v Bratislave FEI,  |c 2014 
300 |a 36 s  |c CD-ROM 
650 7 |a Electronics  |2 estusub 
700 1 |a Jakabovič, Ján,  |d 1951-  |4 ths  |u E030  |U FEI Fakulta elektrotechniky a informatiky  |T FEI Ústav elektroniky a fotoniky  |X 2029  |U E030  |Y 549  |7 A000002029 
856 4 |a info a plný text  |u http://is.stuba.sk/zp/portal_zp.pl?podrobnosti=88403  |3 VAIS 
996 |b 284ER01559  |c E*Bc-1559  |l EE33  |s P  |a 0  |w stu294336_0001